| 000 | 00793nam a2200217 a 4500 | ||
|---|---|---|---|
| 003 | 0 | ||
| 005 | 20250329100347.0 | ||
| 008 | 050809s19uu xx 00 eng d | ||
| 050 |
_aPGS GV 1469.3.P76 _b.B352 2005 |
||
| 100 | _aBarrios, Martin. | ||
| 245 |
_aProfile of grade six students playing computer war games / _cMartin Barrios. |
||
| 260 |
_aLas PiƱas City, Philippines : _bSouthville International School and Colleges, _c2005. |
||
| 300 |
_a29 pages : _billustrations ; _c28 cm. |
||
| 504 | _aIncludes bibliographical references. | ||
| 650 |
_aVideo games _vPsychological aspects. |
||
| 650 | _aViolence in video games. | ||
| 650 |
_aWar games _vPsychological aspects. |
||
| 650 |
_aComputer games _vSocial aspects. |
||
| 650 | _aChildren and video games. | ||
| 942 |
_2lcc _cPASS |
||
| 999 |
_c97343 _d97343 |
||